Wrong flags: guess the country - Statistics

General Stats
  • This quiz has been taken 28 times
  • The average score is 8 of 16
Answer Stats
Picture Answer % Correct
France
88%
USA
72%
Germany
68%
Brazil
64%
Japan
64%
Qatar
64%
Spain
64%
Argentina
52%
Russia
44%
Canada
36%
China
36%
Austria
28%
Belgium
28%
Greece
24%
Australia
20%
Poland
20%
No matching quizzes found
Score Distribution
Percent of People with Each Score
Percentile by Number Answered
Your Score History
You have not taken this quiz